| 000 | 00860nam a22002417a 4500 | ||
|---|---|---|---|
| 001 | 23654 | ||
| 003 | DO-SdBNP | ||
| 005 | 20180314131552.0 | ||
| 007 | 23654 | ||
| 008 | 160509b 2000 dr ||||| |||| 00| 0 spa d | ||
| 020 | _a9789945400991 | ||
| 040 |
_aBPMSU _bspa _cBPMSU |
||
| 100 | _4Cuello del Orbe, Elisa Ysabel | ||
| 245 |
_aEducación sexual I / _cElisa Ysabel Cuello del Orbe ; ilustraciones Ramón L. Sandoval |
||
| 260 |
_aSanto Domingo : _bActuralidad escolar, _c2000 |
||
| 300 |
_a56 p. : _bil. ; _c29 cm. |
||
| 500 | _aEste libro ha sido realizado de acuerdo al curriculum vigente y ha sido sometido a la evaluación y aprobación de la SEE | ||
| 504 | _aBibliografía : p. 56 | ||
| 700 |
_a Sandoval, Ramón L. _eil. |
||
| 942 |
_2ddc _cBK |
||
| 945 | _aRemanejado para la BNPHU / 2018 VM | ||
| 956 |
_2VMATEO _310 _620160509 _8BPMSU _a0069 |
||
| 999 |
_c10051 _d10051 |
||